Podnikateľské prostredie v Slovinsku z hľadiska uplatňovaných daňových stimulov

Daňový systém ako súčasť podnikateľského prostredia krajiny. Daňové stimuly. Daňové stimuly v Slovinsku. Analýza uplatňovaných daňových stimulov a ich vývoj z časového hľadiska. Vplyv na podnikateľské subjekty, resp. podnikateľské prostredie.

Saved in:
Bibliographic Details
Main Author: Ďurinová, Ivona, 1964-
Other Authors: Dubcová, Gabriela, 1968-
Format: Book Chapter
Language:Slovak
Subjects:
Tags: Add Tag
No Tags, Be the first to tag this record!

MARC

LEADER 00000naa$a2200000$$$4500
001 0260818
005 20240502074133.3
041 0 |a slo 
044 |a SK 
245 1 0 |a Podnikateľské prostredie v Slovinsku z hľadiska uplatňovaných daňových stimulov  |c Ivona Ďurinová, Gabriela Dubcová 
520 |a Daňový systém ako súčasť podnikateľského prostredia krajiny. Daňové stimuly. Daňové stimuly v Slovinsku. Analýza uplatňovaných daňových stimulov a ich vývoj z časového hľadiska. Vplyv na podnikateľské subjekty, resp. podnikateľské prostredie. 
610 2 0 |a dane 
610 2 0 |a stimuly 
610 2 0 |a úľavy daňové 
610 2 0 |a zamestnanosť 
610 2 0 |a miesta pracovné 
610 2 0 |a pomoc štátna 
610 2 0 |a regióny 
610 2 0 |a investície 
610 2 0 |a Slovinsko 
100 1 |a Ďurinová, Ivona, 1964- 
700 1 |a Dubcová, Gabriela, 1968-